|
|
|
|
| LEADER |
01470nam a2200397 4500 |
| 001 |
ocn648270262 |
| 003 |
OCoLC |
| 005 |
20180501121931.0 |
| 006 |
m o d |
| 007 |
cr cn||||||||| |
| 008 |
980928s2003 caua ob 001 0 eng d |
| 040 |
|
|
|a E7B
|b eng
|e pn
|c E7B
|d OCLCQ
|d UBY
|d OCLCQ
|d OPELS
|d OCLCQ
|d OCLCF
|d OCLCQ
|d DEBBG
|d GrThAP
|
| 019 |
|
|
|a 505144750
|
| 020 |
|
|
|a 0123646332
|q (electronic bk.)
|
| 020 |
|
|
|a 9780123646330
|q (electronic bk.)
|
| 035 |
|
|
|a (OCoLC)648270262
|z (OCoLC)505144750
|
| 050 |
|
4 |
|a QH573
|b .I5229 2003eb
|
| 082 |
0 |
4 |
|a 571.6
|2 23
|
| 049 |
|
|
|a TEFA
|
| 245 |
0 |
0 |
|a International review of cytology :
|b a survey of cell biology.
|n Volume 229 /
|c edited by Kwang W. Jeon.
|
| 260 |
|
|
|a San Diego ;
|a London :
|b Academic Press,
|c Ã2003.
|
| 300 |
|
|
|a 1 online resource (x, 297 pages) :
|b illustrations.
|
| 336 |
|
|
|a text
|b txt
|2 rdacontent
|
| 337 |
|
|
|a computer
|b c
|2 rdamedia
|
| 338 |
|
|
|a online resource
|b cr
|2 rdacarrier
|
| 490 |
1 |
|
|a International review of cytology ;
|v v. 229
|
| 504 |
|
|
|a Includes bibliographical references and index.
|
| 588 |
0 |
|
|a Print version record.
|
| 650 |
|
0 |
|a Cells.
|
| 650 |
|
0 |
|a Cytology.
|
| 650 |
|
7 |
|a Cells.
|2 fast
|0 (OCoLC)fst00850250
|
| 650 |
|
7 |
|a Cytology.
|2 fast
|0 (OCoLC)fst00886282
|
| 655 |
|
4 |
|a Electronic books.
|
| 700 |
1 |
|
|a Jeon, Kwang W.
|
| 830 |
|
0 |
|a International review of cytology ;
|v v. 229.
|
| 856 |
4 |
0 |
|u https://www.sciencedirect.com/science/bookseries/00747696/229
|z Full Text via HEAL-Link
|